| 000 | 00390pab a2200145 454500 | ||
|---|---|---|---|
| 008 | 180718b2002 xxu||||| |||| 00| 0 eng d | ||
| 100 | _aO'eill, Maggie | ||
| 245 | _aRenewed methodologies for social research: ethno-mimesis as performative praxis | ||
| 260 | _c2002 | ||
| 300 | _ap.69-88. | ||
| 362 | _aFeb | ||
| 650 | _aSocial research | ||
| 773 | _aSociological Review | ||
| 909 | _a53516 | ||
| 999 |
_c53516 _d53516 |
||